Skús sa do mňa zahryznúť deň po krste svojho najnovšieho albumu ...

Bibliographic Details
Main Authors: Krajčovič, Ivan, 1960- (ain), Sámel, Peter, 1966- (Author, uin), Drapák, Pavel, 1964- (Author, uin)
Format: Article
Language:Slovak
PhysicalDescription:Fotogr.
Subjects:

MARC

LEADER 00000nab a2200000 a 4500
001 vtls000673270
003 SK-MaSNL
005 20260302190727.0
008 180205c1998 xo 0 slo
015 |a SNBRB1998/10-29138 
035 |a CLN000025446 
040 |a SNKBUCL  |b slo  |c SNKBUCL  |e AACR2 
041 0 |a slo 
044 |a xo  |c SK 
080 |a 78.071.2:784.66  |2 UDC-MRF-SK2 
080 |a 784.66  |2 UDC-MRF-SK2 
100 1 |a Krajčovič, Ivan,  |d 1960-  |4 ain  |9 172459 
245 1 0 |a Skús sa do mňa zahryznúť  |b deň po krste svojho najnovšieho albumu ...  |c Ivan Krajčovič, Peter Sámel, Pavol Drapák 
300 |b Fotogr. 
610 2 7 |a Metalinda (hudobná skupina)  |2 snkbucl  |9 32276 
655 7 |a články z novín a časopisov  |2 snkbucl  |9 267496 
700 1 |a Sámel, Peter,  |d 1966-  |4 aut  |4 uin  |9 211581 
700 1 |a Drapák, Pavel,  |d 1964-  |4 aut  |4 uin  |9 165957 
773 0 |t Slovenská republika víkend  |g Roč. 5, č. 43/245 (1998), s. 12 
850 |a Slovenská národná knižnica v Martine 
852 |a SNK  |b KIS3GCP 
958 |a RBX 
999 |c 1434613  |d 1436543